| 000 | 00334 a2200133 4500 | ||
|---|---|---|---|
| 082 | _a155.23 | ||
| 090 |
_c5551 _d5551 |
||
| 100 | _aMatthews,Gerald | ||
| 245 |
_aPersonality Traits _cGerald Matthews |
||
| 260 |
_aNew York _bCambridge university press _c2003 |
||
| 300 | _a493p | ||
| 500 | _aHard cover | ||
| 942 |
_aNBS _cBK _k155.23 MAT |
||
| 999 |
_c347955 _d347955 |
||